<?xml version="1.0" encoding="UTF-8"?>
<record
    xmlns:xsi="http://www.w3.org/2001/XMLSchema-instance"
    xsi:schemaLocation="http://www.loc.gov/MARC21/slim http://www.loc.gov/standards/marcxml/schema/MARC21slim.xsd"
    xmlns="http://www.loc.gov/MARC21/slim">

  <leader>00954cam a22002657a 4500</leader>
  <controlfield tag="003">OSt</controlfield>
  <controlfield tag="005">20171220162031.0</controlfield>
  <controlfield tag="008">171220e201704  spc|||||||||||0|| 0|spa|d</controlfield>
  <datafield tag="017" ind1=" " ind2=" ">
    <subfield code="a">DL B 9678-2017</subfield>
    <subfield code="b">Biblioteca de Catalunya</subfield>
  </datafield>
  <datafield tag="020" ind1=" " ind2=" ">
    <subfield code="a">9788491167754</subfield>
  </datafield>
  <datafield tag="040" ind1=" " ind2=" ">
    <subfield code="a">ES-BaUOC</subfield>
    <subfield code="b">cat</subfield>
    <subfield code="c">CDMR</subfield>
  </datafield>
  <datafield tag="100" ind1="1" ind2=" ">
    <subfield code="a">Monserrat Gauchi, Juan,</subfield>
    <subfield code="e">autor</subfield>
  </datafield>
  <datafield tag="245" ind1="1" ind2="0">
    <subfield code="a">Planificaci&#xF3;n estrat&#xE9;gica de la comunicaci&#xF3;n en redes sociales /</subfield>
    <subfield code="c">Juan Monserrat Gauchi, Federico Sabater Quinto ; pr&#xF3;logo de Irene Ramos-Soler</subfield>
  </datafield>
  <datafield tag="260" ind1=" " ind2=" ">
    <subfield code="a">Barcelona :</subfield>
    <subfield code="b">Editorial UOC,</subfield>
    <subfield code="c">2017</subfield>
  </datafield>
  <datafield tag="300" ind1=" " ind2=" ">
    <subfield code="a">146 p&#xE0;gines ;</subfield>
    <subfield code="c">18 cm</subfield>
  </datafield>
  <datafield tag="504" ind1=" " ind2=" ">
    <subfield code="a">Inclou bibliografia</subfield>
  </datafield>
  <datafield tag="650" ind1="0" ind2="4">
    <subfield code="a">Xarxes socials virtuals</subfield>
  </datafield>
  <datafield tag="650" ind1=" " ind2="4">
    <subfield code="a">Planificaci&#xF3; estrat&#xE8;gica</subfield>
    <subfield code="9">4329</subfield>
  </datafield>
  <datafield tag="650" ind1="0" ind2="4">
    <subfield code="a">SPIRULA (Marca comercial)</subfield>
  </datafield>
  <datafield tag="650" ind1="0" ind2="4">
    <subfield code="a">M&#xE0;rqueting</subfield>
    <subfield code="x">Planificaci&#xF3;</subfield>
    <subfield code="x">Casos, Estudis de</subfield>
    <subfield code="9">3396</subfield>
  </datafield>
  <datafield tag="650" ind1=" " ind2="7">
    <subfield code="a">M&#xE0;rqueting digital</subfield>
    <subfield code="2">lemac</subfield>
    <subfield code="9">4161</subfield>
  </datafield>
  <datafield tag="700" ind1="1" ind2=" ">
    <subfield code="a">Sabater Quinto, Federico,</subfield>
  </datafield>
  <datafield tag="700" ind1="1" ind2=" ">
    <subfield code="a">Ramos Soler, Irene,</subfield>
  </datafield>
  <datafield tag="942" ind1=" " ind2=" ">
    <subfield code="c">MON</subfield>
  </datafield>
  <datafield tag="999" ind1=" " ind2=" ">
    <subfield code="c">7095</subfield>
    <subfield code="d">7095</subfield>
  </datafield>
  <datafield tag="952" ind1=" " ind2=" ">
    <subfield code="0">0</subfield>
    <subfield code="1">0</subfield>
    <subfield code="4">0</subfield>
    <subfield code="7">0</subfield>
    <subfield code="a">CDMR</subfield>
    <subfield code="b">CDMR</subfield>
    <subfield code="d">2017-12-20</subfield>
    <subfield code="e">Intercanvi</subfield>
    <subfield code="g">16.00</subfield>
    <subfield code="l">17</subfield>
    <subfield code="m">15</subfield>
    <subfield code="o">Cq /33</subfield>
    <subfield code="p">CDMR17120004</subfield>
    <subfield code="r">2024-09-18</subfield>
    <subfield code="s">2024-06-12</subfield>
    <subfield code="v">16.00</subfield>
    <subfield code="w">2017-12-20</subfield>
    <subfield code="y">MON</subfield>
  </datafield>
</record>
